Statistics for Losers of the football world cup finals

Click here to take the quiz!

General Stats

  • This quiz has been taken 24 times
  • The average score is 15 of 22

Answer Stats

EditionFinal loser% Correct
Russia 2018Croatia
85%
Brazil 1950 (decisive match)Brazil
80%
Japan/South Korea 2002Germany
80%
Switzerland 1954Hungary
80%
Sweden 1958Sweden
80%
France 1998Brazil
75%
Qatar 2022France
75%
Uruguay 1930Argentina
70%
Germany 2006France
70%
Usa 1994Italy
70%
West Germany 1974Netherlands
70%
South Africa 2010Netherlands
70%
England 1966West Germany
70%
Brazil 2014Argentina
65%
Mexico 1986West Germany
65%
Italy 1990Argentina
60%
Argentina 1978Netherlands
60%
Spain 1982West Germany
60%
France 1938Hungary
55%
Mexico 1970Italy
55%
Italy 1934Czechoslovakia
50%
Chile 1962Czechoslovakia
50%

Score Distribution

Percentile by Number Answered

Percent of People with Each Score

Your Score History

You have not taken this quiz